Ảnh báo chí
Một vài thuật ngữ về ảnh báo chí. Bố trí ánh sáng, bố cục, phong cách để tạo một bức ảnh. Các thể loại: ảnh chuyên mục, ảnh chân dung, ảnh thể thao. Dùng kỹ thuật số trong ảnh báo chí
Spremljeno u:
| Glavni autor: | |
|---|---|
| Format: | Knjiga |
| Jezik: | Undetermined |
| Izdano: |
Hà Nội
Nxb Thông Tấn
2003
|
| Teme: | |
| Oznake: |
Dodaj oznaku
Bez oznaka, Budi prvi tko označuje ovaj zapis!
|
| Thư viện lưu trữ: | Trung tâm Học liệu Trường Đại học Cần Thơ |
|---|
| LEADER | 00823nam a2200205Ia 4500 | ||
|---|---|---|---|
| 001 | CTU_95962 | ||
| 008 | 210402s9999 xx 000 0 und d | ||
| 020 | |c 30000 | ||
| 082 | |a 070.49 | ||
| 082 | |b H823 | ||
| 100 | |a Horton, Brian | ||
| 245 | 0 | |a Ảnh báo chí | |
| 245 | 0 | |c Brian Horton; Trần Đức Tài dịch | |
| 260 | |a Hà Nội | ||
| 260 | |b Nxb Thông Tấn | ||
| 260 | |c 2003 | ||
| 520 | |a Một vài thuật ngữ về ảnh báo chí. Bố trí ánh sáng, bố cục, phong cách để tạo một bức ảnh. Các thể loại: ảnh chuyên mục, ảnh chân dung, ảnh thể thao. Dùng kỹ thuật số trong ảnh báo chí | ||
| 650 | |a Journalism, pictorial | ||
| 904 | |i Trúc | ||
| 980 | |a Trung tâm Học liệu Trường Đại học Cần Thơ | ||